International routes from Orly International Airport(ORY) - Statistics

General Stats
  • This quiz has been taken 19 times
  • The average score is 114 of 229
Answer Stats
Airline International Route Country % Correct
Transavia Algiers Algeria
100%
Transavia Barcelona Spain
86%
Vueling Barcelona Spain
86%
Air Europa Madrid Spain
86%
Iberia Madrid Spain
86%
Transavia Madrid Spain
86%
Air Algerie Oran Algeria
86%
Transavia Oran Algeria
86%
Air Caraibes Cancun Mexico
71%
Transavia Dublin Ireland
71%
Vueling Dublin Ireland
71%
Transavia Istanbul Turkiye
71%
Pegasus Airlines Istanbul-Saibha Gocken Turkiye
71%
Vueling London-Gatwick United Kingdom
71%
Vueling London-Heathrow United Kingdom
71%
French Bee Newark United States of America
71%
La Compagnie Newark United States of America
71%
Air Caraibes Port au Prince Haiti
71%
Air Caraibes Punta Cana Dominican Republic
71%
Corsair International Punta Cana Dominican Republic
71%
Air Caraibes Santo Domingo-Las Americas Dominican Republic
71%
Transavia Tbilisi Georgia
71%
Corsair International Abidjan Cote d'Ivorie(Ivory Coast)
57%
Royal Air Maroc Agadir Morocco
57%
Transavia Agadir Morocco
57%
TUI fly Belgium Agadir Morocco
57%
Vueling Agadir Morocco
57%
Transavia Alicante Spain
57%
Vueling Alicante Spain
57%
Transavia Amsterdam Netherlands
57%
Transavia Ankara Turkiye
57%
Air Algerie Annaba Algeria
57%
Transavia Antalya Turkiye
57%
easyJet Athens Greece
57%
Transavia Athens Greece
57%
Corsair International Bamako Mali
57%
Transavia Bari Italy
57%
easyJet Berlin Germany
57%
Transavia Berlin Germany
57%
Transavia Boa Vista Cape Verde
57%
Transavia Bodrum Turkiye
57%
Wizz Air Bucharest-Otopeni Romania
57%
Transavia Burgas Bulgaria
57%
easyJet Cagliari Italy
57%
Transavia Cairo Egypt
57%
Vueling Cairo Egypt
57%
Royal Air Maroc Casablanca Morocco
57%
Transavia Casablanca Morocco
57%
TUI fly Belgium Casablanca Morocco
57%
Transavia Catania Italy
57%
Transavia Chania Greece
57%
Transavia Chisinau Moldova
57%
Air Algerie Constantine Algeria
57%
Transavia Constantine Algeria
57%
Transavia Copenhagen Denmark
57%
Vueling Copenhagen Denmark
57%
Transavia Corfu Greece
57%
Transavia Djerba Tunisia
57%
Tunisair Djerba Tunisia
57%
easyJet Dubrovnik Croatia
57%
Transavia Dubrovnik Croatia
57%
Transavia Edinburgh United Kingdom
57%
easyJet Faro Portugal
57%
Transavia Faro Portugal
57%
Transavia Fuerteventura Spain
57%
Vueling Fuerteventura Spain
57%
Transavia Funchal Portugal
57%
Volotea Genoa Italy
57%
Transavia Gran Canaria Spain
57%
Transavia Hurghada Egypt
57%
Transavia Izmir Turkiye
57%
Transavia Jeddah Saudi Arabia
57%
Transavia Kalamata Greece
57%
Transavia Kittila Finland
57%
Transavia Kos Greece
57%
LOT Polish Airlines Krakow Poland
57%
Transavia Lanzarote Spain
57%
Vueling Lanzarote Spain
57%
Transavia Larnaca Cyprus
57%
TAP Air Portugal Lisbon Portugal
57%
Transavia Lisbon Portugal
57%
Vueling Lisbon Portugal
57%
Transavia Ljubljana Slovenia
57%
French Bee Los Angeles United States of America
57%
Transavia Malaga Spain
57%
Vueling Malaga Spain
57%
Royal Air Maroc Marrakesh Morocco
57%
Transavia Marrakesh Morocco
57%
TUI fly Belgium Marrakesh Morocco
57%
Vueling Marrakesh Morocco
57%
Transavia Medina Saudi Arabia
57%
easyJet Milan-Linate Italy
57%
ITA Airways Milan-Linate Italy
57%
easyJet Milan-Malpensa Italy
57%
Transavia Milan-Malpensa Italy
57%
Transavia Monastir Tunisia
57%
Tunisair Monastir Tunisia
57%
French Bee Montreal-Trudeau Canada
57%
Transavia Munich Germany
57%
easyJet Naples Italy
57%
Transavia Naples Italy
57%
Transavia Oslo Norway
57%
Royal Air Maroc Oujda Morocco
57%
Transavia Oujda Morocco
57%
TUI fly Belgium Oujda Morocco
57%
easyJet Palermo Italy
57%
Transavia Palermo Italy
57%
Air Europa Palma de Mallorca Spain
57%
Transavia Palma de Mallorca Spain
57%
Vueling Palma de Mallorca Spain
57%
easyJet Porto Lebanon
57%
TAP Air Portugal Porto Portugal
57%
Transavia Porto Portugal
57%
Vueling Porto Portugal
57%
Transavia Prague Czechia
57%
Vueling Prague Czechia
57%
Transavia Praia Cape Verde
57%
Royal Air Maroc Rabat Morocco
57%
Transavia Rabat Morocco
57%
TUI fly Belgium Rabat Morocco
57%
easyJet Reykjavik-Keflavik Iceland
57%
Transavia Reykjavik-Keflavik Iceland
57%
easyJet Rhodes Greece
57%
Transavia Rhodes Greece
57%
easyJet Rome-Fiumicino Italy
57%
Transavia Rome-Fiumicino Italy
57%
Wizz Air Rome-Fiumicino Italy
57%
Transavia Sal Cape Verde
57%
French Bee San Francisco United States of America
57%
Vueling Santiago de Compostela Spain
57%
Transavia Santorini Greece
57%
Transavia Sarajevo Bosnia & Herzegovina
57%
Transavia Seville Spain
57%
easyJet Sofia Bulgaria
57%
Transavia Sofia Bulgaria
57%
easyJet Split Croatia
57%
Transavia Split Croatia
57%
Transavia Stockholm-Arlanda Sweden
57%
Transavia Tallinn Estonia
57%
Royal Air Maroc Tangier Morocco
57%
Transavia Tangier Morocco
57%
Vueling Tangier Morocco
57%
Transavia Tel Aviv Israel
57%
Transavia Tenerife-South Spain
57%
Vueling Tenerife-South Spain
57%
Transavia Thessaloniki Greece
57%
Transavia Tirana Albania
57%
Transavia Tivat Montenegro
57%
Transavia Tlemcen Algeria
57%
Transavia Tromso Norway
57%
Transavia Tunis Tunisia
57%
Tunisair Tunis Tunisia
57%
Volotea Turin Italy
57%
Transavia Varna Bulgaria
57%
easyJet Venice Italy
57%
Volotea Verona Italy
57%
Wizz Air Warsaw-Chopin Poland
57%
Air Algerie Batna Algeria
43%
Transavia Beirut Lebanon
43%
Air Algerie Bejaia Algeria
43%
Transavia Bejaia Algeria
43%
Transavia Bergen Norway
43%
Air Algerie Biskra Algeria
43%
Transavia Biskra Algeria
43%
easyJet Brindisi Italy
43%
Transavia Brindisi Italy
43%
Wizz Air Budapest Hungary
43%
Corsair International Cotonou Benin
43%
Royal Air Maroc Fes Morocco
43%
Transavia Fes Morocco
43%
Vueling Florence Italy
43%
Transavia Ibiza Spain
43%
Transavia Kefalonia Greece
43%
easyJet Lamezia Terme Italy
43%
Transavia Luxor Egypt
43%
Transavia Menorca Spain
43%
Vueling Menorca Spain
43%
French Bee Miami United States of America
43%
Transavia Mykonos Greece
43%
easyJet Olbia Italy
43%
Transavia Olbia Italy
43%
Volotea Olbia Italy
43%
easyJet Pisa Italy
43%
Transavia Pisa Italy
43%
Corsair International Port Louis Mauritius
43%
Transavia Preveza Greece
43%
Transavia Rovaniemi Finland
43%
Transavia Sfax Tunisia
43%
Tunisair Sfax Tunisia
43%
easyJet Southampton United Kingdom
43%
Transavia Valencia Spain
43%
Vueling Valencia Spain
43%
Volotea Alghero Italy
29%
Transavia Lulea Sweden
29%
Vueling Lulea Sweden
29%
Vueling Reus Spain
29%
Transavia Sao Vicente Cape Verde
29%
Transavia Skiathos Greece
29%
KM Malta Airlines Valetta Malta
29%
Transavia Valetta Malta
29%
Air Algerie Algeirs Algeria
14%
ASL Airlines France Algeirs Algeria
14%
Volotea Ancona Italy
14%
Vueling Asturias Spain
14%
Vueling Bilbao Spain
14%
Azul Brazilian Airlines Campinas Brazil
14%
Transavia Errachidia Morocco
14%
Transavia Essaouira Morocco
14%
easyJet Geneva Switzerland
14%
Transavia Ivalo Finland
14%
Vueling Ivalo Finland
14%
Transavia Ouarzazate Morocco
14%
Transavia Patras Greece
14%
Vueling Salerno Italy
14%
Air Algerie Setif Algeria
14%
Transavia Setif Algeria
14%
Corsair International Anatananarivo Madagascar
0%
Transavia Cagilari Italy
0%
Transavia Comiso Italy
0%
Royal Air Maroc Dakhla Morocco
0%
Transavia Dakhla Morocco
0%
Transavia Herkalion Greece
0%
Transavia Podgorcia Montenegro
0%
Vueling Rome-Fiumicino Italy
0%
Air Caraibes Samana Dominican Republic
0%
Air Caraibes San Salvador Bahamas
0%
Air Caraibes Sint Marteen Netherlands
0%
Air Algerie Tlemcan Algeria
0%
Transavia Tozeur Tunisia
0%
No matching quizzes found
Score Distribution
Percent of People with Each Score
Percentile by Number Answered
Your Score History
You have not taken this quiz